The Hunger Games Competitors Quiz Stats

 Plays Quiz Updated Aug 29, 2012

Challenge
Share
Tweet
Embed
Score 0/9 Timer 03:00
2 Plays Today
District and Gender Competitor % Correct
District 12Katniss Everdeen
98.5%
District 12Peeta Mellark
97.5%
District 11Rue
94.6%
District 2Cato
86.3%
District 5Foxface
84.4%
District 11Thresh
81.1%
District 1Glimmer
78.9%
District 2Clove
70.6%
District 1Marvel
56.8%

You're not logged in!

Compare scores with friends on all Sporcle quizzes.
Join for Free
OR
Log In

You Might Also Like...

Show Comments

Extras

Top Quizzes Today


Score Distribution

Your Account Isn't Verified!

In order to create a playlist on Sporcle, you need to verify the email address you used during registration. Go to your Sporcle Settings to finish the process.

Report this User

Report this user for behavior that violates our Community Guidelines.

Details: